Città della Polonia - Quiz sulla mappa - Statistics

Statistiche generali
  • Questo quiz è stato fatto 124 volte
  • Il punteggio medio è 9 su 13
Risposte nella Mappa
Le risposte nella mappa del quiz sottostante sono codificate secondo una scala di colori dal rosso al verde in base alla % di persone che hanno risposto correttamente.
 
Statistiche sulle risposte
Risposta % Corretto
Varsavia
95%
Danzica
90%
Cracovia
78%
Stettino
77%
Katowice
70%
Breslavia
67%
Łódz
67%
Poznań
64%
Białystok
62%
Lublino
62%
Olsztyn
55%
Rzeszów
53%
Bydgoszcz
50%
Nessun quiz corrispondente trovato
Distribuzione punteggi
Percentuale di utenti per punteggio
Percentile per numero di risposta
I tuoi punteggi nel tempo
Non hai fatto questo quiz